[Event "Cto. Navarra Absoluto por Equipos 2018"]
[Site "?"]
[Date "2018.10.27"]
[Round "3.3"]
[White "Pascual Garcia, Martin"]
[Black "Rebole Arbea, Pedro Maria"]
[Result "1-0"]
[EventDate "2018.10.13"]
[WhiteElo "1856"]
[BlackElo "1568"]
[SourceDate "2018.11.18"]
[SourceTitle "FNA"]

1.c4 e5 2.g3 Nf6 3.Bg2 d5 4.cxd5 Nxd5 5.Nf3 Nc6 6.d3 Bb4 7.Nbd2 O-O 8.O-O Bxd2
9.Bxd2 h6 10.Rc1 Re8 11.Qb3 Nb6 12.Bc3 Nd4 13.Qd1 c6 14.Nxe5 Nxe2 15.Qxe2 f6
16.Nxc6 bxc6 17.Qh5 Bb7 18.Rfe1 Nd5 19.Qg6 Ne7 20.Qg4 Qd6 21.Re6 Qxd3 22.Be4 Qb5
23.Bxf6 Kf7 24.Rxe7 Rxe7 25.Qxg7 1-0

[Event "Cto. Navarra Absoluto por Equipos 2018"]
[Site "?"]
[Date "2018.10.27"]
[Round "3.4"]
[White "Ruiz Anton, Adolfo"]
[Black "Abrisqueta Zudaire, Leyre"]
[Result "0-1"]
[EventDate "2018.10.13"]
[WhiteElo "1532"]
[BlackElo "1726"]
[SourceDate "2018.11.18"]
[SourceTitle "FNA"]

1.d4 d5 2.e3 Bf5 3.f4 Nf6 4.Nf3 e6 5.Be2 Bd6 6.O-O c5 7.Ne5 h6 8.b3 Qc7 9.c3 Ne4
10.Bd2 Nd7 11.Bb5 Rd8 12.Bxd7 Rxd7 13.Nxd7 Qxd7 14.Be1 g5 15.a4 Rg8 16.Ra2 gxf4
17.exf4 Bg4 18.Qd3 Bf5 19.Qb5 Nf6 20.Qxd7 Kxd7 21.Nd2 Nh5 22.Nf3 Bd3 23.Rff2
Nxf4 24.Ne5 Bxe5 25.dxe5 Nh3 26.Kh1 Nxf2 27.Rxf2 Ke7 28.Kg1 Be4 29.g3 Rg5 30.Bd2
Rxe5 31.Bxh6 Bf5 32.Rd2 Re1 33.Kf2 Rb1 34.Be3 Kd6 35.b4 cxb4 36.cxb4 Rxb4
37.Bxa7 Rxa4 38.Bb8 Kc6 39.h4 b5 40.h5 Ra8 41.Be5 b4 42.h6 b3 43.g4 Bg6 44.Ke3
Kb5 45.g5 Rc8 46.Rf2 Rg8 47.Bg7 Kc5 48.Kd2 Rb8 49.Bb2 Rb7 50.Rh2 Bh7 51.Rh3 e5
52.Rh4 d4 53.Rh1 Kd6 54.Ra1 Rc7 55.Ba3 Ke6 56.Rf1 Rc2 57.Kd1 b2 58.Rf6 Kd5
59.Bxb2 Rxb2 60.Rxf7 Bd3 61.Rf6 Rg2 62.Rf3 Be4 63.Rh3 Bh7 64.Rh5 Ke6 65.Ke1 d3
66.Kd1 e4 67.g6 Rxg6 68.Kd2 Rg2 69.Ke3 Re2 70.Kd4 d2 0-1

[Event "Cto. Navarra Absoluto por Equipos 2018"]
[Site "?"]
[Date "2018.10.27"]
[Round "3.5"]
[White "Atipov Hadzhiev, Cristian"]
[Black "Leone Amigot, Haymar"]
[Result "1-0"]
[EventDate "2018.10.13"]
[WhiteElo "1726"]
[BlackElo "1394"]
[SourceDate "2018.11.18"]
[SourceTitle "FNA"]

1.e4 e5 2.Nf3 Nf6 3.Nc3 Nc6 4.d4 exd4 5.Nxd4 Nxd4 6.Qxd4 d6 7.Bg5 Be7 8.O-O-O h6
9.Bh4 Nd7 10.Bxe7 Qxe7 11.Nd5 Qd8 12.Qxg7 Rf8 13.Qxh6 c6 14.Ne3 Qe7 15.Nf5 Qe5
16.Nxd6 Ke7 17.Nf5 Ke8 18.f4 Qf6 19.Ng7 Ke7 20.Nf5 Ke8 21.Nd6 1-0

[Event "Cto. Navarra Absoluto por Equipos 2018"]
[Site "?"]
[Date "2018.10.27"]
[Round "3.6"]
[White "Senosiain Noriega, Unax"]
[Black "Riezu Resano, Javier"]
[Result "1-0"]
[EventDate "2018.10.13"]
[WhiteElo "1053"]
[BlackElo "1431"]
[SourceDate "2018.11.18"]
[SourceTitle "FNA"]

1.e4 c5 2.Nf3 g6 3.d4 Bg7 4.Be3 cxd4 5.Nxd4 Nf6 6.Nc3 Nc6 7.Bc4 O-O 8.O-O d6
9.f3 Qb6 10.Bb3 Nxe4 11.Nf5 Nxc3 12.bxc3 Qc7 13.Nxg7 Kxg7 14.Qd2 Re8 15.Bh6 Kg8
16.Qf4 e5 17.Qf6 Qb6 18.Kh1 Qg1 19.Kxg1 Re6 20.Qg7 1-0

[Event "Cto. Navarra Absoluto por Equipos 2018"]
[Site "?"]
[Date "2018.10.27"]
[Round "3.1"]
[White "Argaya Urdaniz, Miguel"]
[Black "Fuertes Cirauqui, Pablo"]
[Result "1-0"]
[EventDate "2018.10.13"]
[WhiteElo "1928"]
[BlackElo "1807"]
[SourceDate "2018.11.18"]
[SourceTitle "FNA"]

1.e4 e6 2.d4 d5 3.Nc3 Bb4 4.e5 c5 5.a3 Ba5 6.Qg4 Ne7 7.Bd2 cxd4 8.Qxd4 Bb6 9.Qg4
Ng6 10.h4 h5 11.Qg3 Qc7 12.Nf3 a6 13.Bd3 Ne7 14.Qxg7 Rg8 15.Qh7 Rxg2 16.O-O-O
Nd7 17.Rdg1 Nf8 18.Qxh5 Rxg1 19.Rxg1 Bd7 20.Rg7 O-O-O 21.Qxf7 Re8 22.Bg5 Nc6
23.Rg8 Nxe5 24.Qxf8 Nxd3 25.cxd3 d4 26.Qxe8 Bxe8 27.Rxe8 Kd7 28.Re7 Kc6 29.Rxc7
Kxc7 30.Ne2 Kd6 31.Bf4 Kd7 32.Nexd4 Bxd4 33.Nxd4 Kc8 34.Nxe6 Kd7 35.Nc5 Kc8
36.h5 a5 37.h6 a4 38.h7 b6 39.h8=Q 1-0

[Event "Cto. Navarra Absoluto por Equipos 2018"]
[Site "?"]
[Date "2018.10.27"]
[Round "3.2"]
[White "Roldan Marques, Marta"]
[Black "Sanchez Salazar, Kiko"]
[Result "1/2-1/2"]
[EventDate "2018.10.13"]
[WhiteElo "1691"]
[BlackElo "1878"]
[SourceDate "2018.11.18"]
[SourceTitle "FNA"]

1.e4 e5 2.Nf3 Nc6 3.Bc4 Bc5 4.d3 Nf6 5.Bg5 d6 6.h3 Be6 7.Bb3 h6 8.Be3 Bb6 9.c3
O-O 10.Nbd2 Qd7 11.Nh4 Ne7 12.Qf3 Ng6 13.Bxe6 Qxe6 14.Nf5 Bxe3 15.fxe3 d5
16.exd5 Nxd5 17.e4 Nb6 18.b3 Rad8 19.g3 Ne7 20.d4 c6 21.Rd1 Nxf5 22.exf5 Qd6
23.Ne4 Qd5 24.O-O exd4 25.Rxd4 Qe5 26.Rxd8 Rxd8 27.Qf4 Qxf4 28.Rxf4 Rd3 29.c4
Nd7 30.Rf2 Re3 31.Rf4 f6 32.Kf2 Rd3 33.Ke2 Ne5 34.Rf1 Kf8 35.Rd1 Rxd1 36.Kxd1
Ke7 37.Ke2 b6 38.Ke3 Nf7 39.Kf4 a5 40.a4 Ne5 41.Ke3 Kd7 42.Kd4 1/2-1/2

[Event "Cto. Navarra Absoluto por Equipos 2018"]
[Site "?"]
[Date "2018.10.27"]
[Round "3.3"]
[White "Lizarraga Rivas, Daniel"]
[Black "Romano Garcia, Ivan"]
[Result "0-1"]
[EventDate "2018.10.13"]
[WhiteElo "1622"]
[BlackElo "1559"]
[SourceDate "2018.11.18"]
[SourceTitle "FNA"]

1.e4 c6 2.c4 d5 3.cxd5 cxd5 4.exd5 Qxd5 5.Nc3 Qa5 6.Bc4 Nf6 7.d3 e6 8.Nf3 Bc5
9.Be3 Nc6 10.O-O O-O 11.d4 Rd8 12.Nb5 a6 13.Bd2 Bb4 14.Nc3 Nxd4 15.Nxd4 Rxd4
16.Bb3 Qd8 17.Qf3 Rxd2 18.Ne2 Qd3 19.Qxd3 Rxd3 20.Rac1 Bd7 21.Rc4 Ba5 22.Nf4 Rd6
23.Rfc1 Rc6 24.Rc5 Bd2 25.Rxc6 Bxc6 26.Rc4 Bxf4 27.Rxf4 Rd8 28.h4 Bd5 29.Bc2
Bxa2 30.b3 Rc8 31.Rd4 g6 32.Rd2 Rc3 33.g4 Nxg4 34.Bd1 Rc1 35.Kg2 Ne5 36.h5 Bb1
37.h6 Rc8 38.Kg3 Nc6 39.Rd7 Rd8 40.Rxb7 Rxd1 41.Rb6 Rd6 42.Rxa6 Kf8 43.b4 Bd3
44.Rb6 Ke7 45.b5 Nd4 46.Rb8 Nxb5 47.Rh8 g5 48.Rxh7 Bxh7 0-1

[Event "Cto. Navarra Absoluto por Equipos 2018"]
[Site "?"]
[Date "2018.10.27"]
[Round "3.4"]
[White "Santos Usua, Mikel"]
[Black "Uriz Elizalde, Jesus"]
[Result "0-1"]
[EventDate "2018.10.13"]
[WhiteElo "1494"]
[BlackElo "1537"]
[SourceDate "2018.11.18"]
[SourceTitle "FNA"]

1.e4 e5 2.Nf3 Nc6 3.Bc4 Nf6 4.d3 Bc5 5.O-O O-O 6.Bg5 d6 7.h3 Na5 8.Bb3 Nxb3
9.axb3 c6 10.c3 Re8 11.Re1 h6 12.Bh4 g5 13.Nxg5 Nh7 14.Nf3 Ng5 15.Bxg5 hxg5
16.Nh2 f5 17.exf5 Bxf5 18.Na3 Rf8 19.d4 exd4 20.cxd4 Bb4 21.Re3 d5 22.Nf3 Qf6
23.Nxg5 Bd6 24.Nf3 Bf4 25.Re2 Be4 26.Nd2 Bd3 27.Re1 Bg5 28.Nf3 Be4 29.Qe2 Bxf3
30.gxf3 Rf7 31.Qe5 Qxf3 32.Qg3 Raf8 33.Rf1 Qxg3 34.fxg3 Be3 35.Kg2 Rf2 36.Rxf2
Rxf2 37.Kh1 Rxb2 38.Re1 Bxd4 39.Re7 Bc5 40.Rxb7 Bxa3 41.Rxa7 Rxb3 42.Kg2 d4
43.Kf2 Bd6 44.Ra6 Bxg3 45.Ke2 Rc3 46.Ra4 c5 47.Ra8 Kf7 48.Kd1 c4 49.Rd8 Rd3
50.Kc2 Be1 51.h4 Bxh4 52.Rc8 Rc3 53.Kd2 Ke6 54.Re8 Kf5 55.Rf8 Bf6 56.Ra8 Ke4
57.Re8 Be5 58.Rg8 Bf4 59.Kd1 Kd3 60.Rg3 Be3 0-1

[Event "Cto. Navarra Absoluto por Equipos 2018"]
[Site "?"]
[Date "2018.10.27"]
[Round "3.5"]
[White "Adrian Abad, Miguel"]
[Black "Andres Iniguez, Iker"]
[Result "0-1"]
[EventDate "2018.10.13"]
[WhiteElo "1409"]
[BlackElo "1455"]
[SourceDate "2018.11.18"]
[SourceTitle "FNA"]

1.d4 d5 2.c4 e6 3.Nf3 c6 4.Nc3 Nf6 5.Bg5 Be7 6.e3 Nbd7 7.cxd5 exd5 8.Bd3 h6
9.Bh4 O-O 10.O-O Re8 11.Qc2 Nf8 12.a3 N6h7 13.Bxe7 Qxe7 14.b4 Ng5 15.Nxg5 Qxg5
16.Ne2 Bd7 17.Nf4 Ne6 18.Nh3 Qf6 19.a4 Rac8 20.Qa2 Ng5 21.Nxg5 Qxg5 22.Qe2 Bg4
23.Qd2 Bf3 24.g3 Qg4 25.Rfe1 h5 26.Be2 h4 27.Bxf3 Qxf3 28.Qe2 Qe4 29.f3 Qe7
30.Rab1 hxg3 31.hxg3 Qg5 32.Kg2 Re6 33.f4 Qe7 34.Qf3 Re8 35.Rb3 Re4 36.Kf2 Rxd4
37.Rh1 Rd2 38.Ke1 Ra2 39.Rh3 Qf6 40.Qh5 Qa1 41.Qd1 Qxd1 42.Kxd1 Rxa4 43.Kd2 Ra2
44.Kd3 Ra1 45.Kd2 Ra6 46.Kd3 Re4 47.b5 Rb6 48.Rh5 a6 49.Ra3 Rxb5 50.Ke2 a5
51.Ra1 f6 52.g4 a4 53.g5 b6 54.gxf6 Rxe3 55.Kxe3 d4 56.Kxd4 Rxh5 57.fxg7 b5
58.Re1 c5 59.Kc3 b4 60.Kb2 a3 61.Kb3 Kxg7 62.Re6 Rh1 63.Rc6 Rb1 64.Ka2 Rb2
65.Ka1 Rc2 {Ilegible} 0-1

[Event "Cto. Navarra Absoluto por Equipos 2018"]
[Site "?"]
[Date "2018.10.27"]
[Round "3.6"]
[White "Fuentes Guinot, Angel"]
[Black "Lopez Garcia, Inigo"]
[Result "0-1"]
[EventDate "2018.10.13"]
[WhiteElo "1446"]
[BlackElo "1248"]
[SourceDate "2018.11.18"]
[SourceTitle "FNA"]

1.d4 Nf6 2.Nf3 e6 3.Bf4 c5 4.c3 d5 5.e3 Bd6 6.Bg3 O-O 7.Bd3 Nc6 8.Nbd2 c4 9.Bc2
b5 10.a3 a5 11.Ne5 Qc7 12.Ndf3 Nd7 13.Nxc6 Qxc6 14.Ne5 Qc7 15.Nxd7 Bxd7 16.Qh5
f5 17.Bxd6 Qxd6 18.O-O Rf6 19.Qf3 Be8 20.Qf4 Qxf4 21.exf4 Bh5 22.Rfe1 Kf7 23.Re3
Rb8 24.f3 b4 25.cxb4 axb4 26.a4 Ke7 27.a5 Kd7 28.a6 Kc7 29.a7 Ra8 30.Ra4 b3
31.Bxb3 cxb3 32.Rxb3 Rf7 33.Rc3 Kd6 34.Ra6 Kd7 35.b4 Kd8 36.Rxe6 Raxa7 37.Re5
Rad7 38.Rc5 Bg6 39.Re6 Rfe7 40.Ra6 Re1 41.Kf2 Rb1 42.b5 Rb7 43.Rxd5 Kc8 44.Rc6
Rc7 45.Ra6 Rc2 46.Kg3 Rcb2 47.Rc6 Kb7 48.Rd7 Kb8 49.Rd8 Kb7 50.Rd7 Kb8 51.Rxg7
Rxb5 52.Rf6 Rc1 53.Rd6 Rb2 54.d5 Rcc2 55.Rd8 Rc8 56.Rxc8 Kxc8 57.Kh3 Rd2 58.g4
Rxd5 59.Kg3 Kd8 60.h4 Rd1 61.h5 Bxh5 62.Rxh7 Bg6 63.Rg7 Rd6 64.gxf5 Bxf5 65.Rg5
Rf6 66.Rg7 Ke8 67.Rg5 Kf7 68.Kf2 Ke6 69.Rg8 Bg6 70.Ke3 Kf5 71.Ra8 Re6 72.Kf2
Kxf4 73.Ra4 Kg5 74.Ra5 Bf5 75.Rb5 Rf6 76.Kg3 Kg6 77.Ra5 Bd3 78.f4 Bf5 79.Rc5 Re6
80.Re5 Ra6 81.Kf3 Ra3 82.Re3 Bg4 83.Kf2 Ra2 84.Kg3 Bc8 85.Rb3 Be6 86.Rb6 Kf5
87.Rb5 Kf6 88.Rb6 Ra3 89.Kf2 Kf5 90.Rb4 Bd5 91.Rd4 Be4 92.Rd8 Kxf4 93.Rf8 Bf5
94.Ke2 Ra2 95.Kf1 Kg4 96.Rb8 Bd3 97.Ke1 Kf3 98.Rc8 Ke3 99.Rc1 Rh2 0-1

[Event "Cto. Navarra Absoluto por Equipos 2018"]
[Site "?"]
[Date "2018.11.03"]
[Round "4"]
[White "Lerendegui Lasa, Odei"]
[Black "Goni Osacar, Maria"]
[Result "1-0"]
[EventDate "2018.10.13"]
[WhiteElo "2121"]
[BlackElo "1859"]

1.e4 g6 2.Nf3 Bg7 3.d3 d6 4.g3 Nc6 5.Bg2 Nh6 6.O-O O-O 7.c3 e5 8.Nh4 Rb8 9.Na3
Ng4 10.h3 Nf6 11.d4 Nh5 12.Be3 a6 13.dxe5 Nxe5 14.Nf5 Bxf5 15.exf5 c6 16.g4 Nf6
17.f4 Ned7 18.fxg6 Nb6 19.gxf7 Rxf7 20.Qd3 Nfd5 21.Nc2 Nxe3 22.Nxe3 Qf8 23.Nf5
d5 24.Nxg7 Rxg7 25.b3 Re8 26.f5 Rge7 27.f6 Rf7 28.g5 Nd7 29.Rae1 Qc5 30.Qd4 Qxd4
31.cxd4 Rd8 32.Bf3 Nf8 33.Bh5 Ng6 34.Bxg6 hxg6 35.Re5 Rdf8 36.Kg2 Kh7 37.Rf4 Kg8
38.Rh4 1-0

[Event "Cto. Navarra Absoluto por Equipos 2018"]
[Site "?"]
[Date "2018.11.03"]
[Round "4"]
[White "Gonzalez Oderiz, Jose Maria"]
[Black "Martinez Ayesa, Aitor"]
[Result "1/2-1/2"]
[EventDate "2018.10.13"]
[WhiteElo "1846"]
[BlackElo "2001"]

1.d4 c5 2.dxc5 e6 3.Nf3 Bxc5 4.Nbd2 Nf6 5.b3 Bxf2 6.Kxf2 Ng4 7.Kg3 Ne3 8.Qe1
Nxc2 9.Qd1 Qc7 10.Kf2 Qc5 11.Kg3 Qc7 12.Kf2 Nxa1 13.Bb2 Nc2 14.Qc1 Na6 15.Nc4 d5
16.Qxc2 dxc4 17.Bxg7 Rg8 18.Qxh7 Rxg7 19.Qxg7 cxb3 20.axb3 Qc5 21.Qd4 Bd7 22.e4
Rc8 23.Bxa6 bxa6 24.Qxc5 Rxc5 25.h4 Kf8 26.h5 f6 27.h6 Kg8 28.h7 Kh8 29.e5 fxe5
30.Ng5 Be8 31.g4 Rc7 32.Rh6 Rg7 33.Rxe6 Rxg5 34.Rxe8 Kxh7 35.Kg3 Rg7 36.Rxe5 Rb7
37.Re3 Kg6 38.Kf4 Rb4 39.Re4 Rxb3 40.Re6 Kg7 41.Rxa6 Rb4 42.Kg5 Rb5 43.Kh4 Rb7
44.Kh5 Rc7 1/2-1/2

[Event "Cto. Navarra Absoluto por Equipos 2018"]
[Site "?"]
[Date "2018.11.03"]
[Round "4"]
[White "Forjan Jimenez, Pedro"]
[Black "Moral Barragan, Diego"]
[Result "1-0"]
[EventDate "2018.10.13"]
[WhiteElo "1970"]
[BlackElo "1633"]

1.b3 e5 2.Bb2 d6 3.e3 Nf6 4.c4 Bf5 5.Nf3 Be7 6.Be2 Nbd7 7.d4 exd4 8.Nxd4 Bg6
9.Nc3 O-O 10.O-O Re8 11.b4 a5 12.a3 axb4 13.axb4 Rxa1 14.Qxa1 h6 15.Rd1 Bh5
16.Nf5 Bf8 17.Bxh5 Nxh5 18.Nb5 g6 19.Ng3 Nxg3 20.hxg3 Qc8 21.Qa5 Nb6 22.Rc1 Na8
23.c5 dxc5 24.bxc5 Qd7 25.Qc3 f6 26.Nd4 Bg7 27.Qb3 Kh7 28.Qxb7 Qc8 29.Qc6 f5
30.Ra1 Qb8 31.Bc3 1-0

[Event "Cto. Navarra Absoluto por Equipos 2018"]
[Site "?"]
[Date "2018.11.03"]
[Round "4"]
[White "Donazar Garayoa, Miguel"]
[Black "Lacruz Ochoa, Oier"]
[Result "0-1"]
[EventDate "2018.10.13"]
[WhiteElo "1585"]
[BlackElo "1787"]

1.e4 c5 2.c3 d5 3.exd5 Qxd5 4.Nf3 Nc6 5.d4 Nf6 6.Be3 Ng4 7.Bf4 Qe4 8.Be3 Nxe3
9.fxe3 Qxe3 10.Be2 Bg4 11.Qd2 cxd4 12.cxd4 Qxd2 13.Nbxd2 e6 14.Bb5 Bb4 15.Ne5
Bxd2 16.Kxd2 Rd8 17.Bxc6 bxc6 18.Ke3 Bh5 19.Rac1 Rd6 20.Rxc6 Rxc6 21.Nxc6 Kd7
22.Ne5 Kd6 23.Rc1 f6 24.Nd3 Bg6 25.Rc3 Bxd3 26.Kxd3 Rb8 27.b3 Rb5 28.Kc4 Rf5
29.Rf3 Rxf3 30.gxf3 g5 31.b4 f5 32.Kd3 h5 33.a4 a6 34.b5 axb5 35.axb5 Kc7 36.Kc4
f4 37.d5 exd5 38.Kxd5 g4 39.Ke4 g3 40.hxg3 fxg3 41.Ke3 Kb6 42.f4 Kxb5 43.f5 Kc6
44.Kf3 h4 45.f6 Kd6 0-1

[Event "Cto. Navarra Absoluto por Equipos 2018"]
[Site "?"]
[Date "2018.11.03"]
[Round "4"]
[White "Dorregarai Iparraguirre, Leire"]
[Black "Guardado Minchinela, Inaki"]
[Result "1/2-1/2"]
[EventDate "2018.10.13"]
[WhiteElo "1723"]
[BlackElo "1550"]

1.e4 c5 2.d3 Nc6 3.Nf3 e6 4.g3 d5 5.Nbd2 Nf6 6.Bg2 Be7 7.O-O Qc7 8.Re1 O-O 9.e5
Nd7 10.Qe2 b6 11.h4 Ba6 12.Nf1 Rac8 13.h5 Nd4 14.Nxd4 cxd4 15.Qg4 Nxe5 16.Qxd4
Nd7 17.c3 Bf6 18.Qe3 Qe5 19.Qxe5 Nxe5 20.d4 Nd3 21.Rd1 Nxc1 22.Rdxc1 Rc7 23.Ne3
Rfc8 24.Re1 Rb8 25.Ng4 Be7 26.Re3 b5 27.a3 Bc8 28.Rae1 Bd6 29.h6 a5 30.Rc1 b4
31.a4 bxc3 32.Rexc3 Rxc3 33.Rxc3 Bd7 34.b3 Rc8 35.Rxc8 Bxc8 36.Bf1 Bb4 37.hxg7
Bc3 38.Nf6 Kxg7 39.Ne8 Kf8 40.Nd6 Bd7 41.Nb7 Ke7 42.Nc5 Bxd4 43.Nd3 Kd6 44.Be2
Bc3 45.Nc1 e5 46.f3 h6 47.Bd3 Bd2 48.Ne2 Kc5 49.Kf2 f5 50.Kg2 e4 51.fxe4 fxe4
52.Bc2 Bc6 53.g4 d4 54.Ng3 e3 55.Kf1 Bf3 56.Ne4 Bxe4 57.Bxe4 Kb4 58.Bd3 Kxb3
59.Bb5 Kc3 60.Ke2 Kb4 61.Kd3 Bc3 62.Ke2 Kc5 63.Kf3 Kd5 64.Kf4 Kc5 65.Kf5 Bd2
66.Ke4 Bc3 67.Kf5 Kd5 68.Kg6 Bd2 69.Kf5 1/2-1/2

[Event "Cto. Navarra Absoluto por Equipos 2018"]
[Site "?"]
[Date "2018.11.03"]
[Round "4"]
[White "Diaz Redondo, Isidro"]
[Black "Salvatierra Alzorriz, Haizea"]
[Result "0-1"]
[EventDate "2018.10.13"]
[WhiteElo "1491"]
[BlackElo "1687"]

1.e4 e6 2.Nf3 d5 3.exd5 exd5 4.d4 Nc6 5.Bb5 Bd6 6.O-O Bg4 7.Re1 Nge7 8.Bg5 f6
9.Bh4 Qd7 10.Bg3 O-O-O 11.Bxd6 Qxd6 12.c3 g5 13.Nbd2 h5 14.h3 Bd7 15.a4 g4
16.Nh4 Rdg8 17.Re3 f5 18.g3 f4 19.Rd3 Nf5 20.Nxf5 Bxf5 21.Nf1 Bxd3 22.Qxd3 fxg3
23.Nxg3 h4 24.Qf5 Kb8 25.Bxc6 hxg3 26.Bxd5 gxf2 27.Kf1 Rf8 28.Qe5 Qxe5 29.dxe5
gxh3 30.Bh1 Rhg8 31.Ke2 Rg1 32.Rf1 Kc8 33.e6 Re8 34.Kxf2 Rxf1 35.Kxf1 Rxe6
36.Kf2 Rb6 37.b4 Rf6 38.Kg3 Rd6 39.Be4 Ra6 40.a5 Rh6 41.Bf5 Kd8 42.Bxh3 Rc6
43.Bg2 Rxc3 44.Kf4 Rc4 45.Ke5 Rxb4 46.Ke6 c6 47.Kd6 Ra4 48.a6 Rxa6 49.Bf1 Ra1
50.Bc4 b5 51.Bf7 Rc1 52.Ke5 c5 53.Ke4 a5 54.Kd5 a4 55.Kc6 b4 56.Kb5 b3 57.Kxa4
b2 58.Ba2 b1=Q 0-1

[Event "Cto. Navarra Absoluto por Equipos 2018"]
[Site "?"]
[Date "2018.11.03"]
[Round "4"]
[White "Ochoa Aldaz, Mikel"]
[Black "Insausti Goni, Sebastian"]
[Result "1/2-1/2"]
[EventDate "2018.10.13"]
[WhiteElo "1824"]
[BlackElo "1845"]

1.e4 c6 2.Nc3 d5 3.Nf3 dxe4 4.Nxe4 Bf5 5.Ng3 Bg6 6.Bc4 e6 7.h4 h6 8.Ne5 Bh7
9.Qe2 Be7 10.Nxf7 Kxf7 11.Qxe6 Ke8 12.Nh5 Qd4 13.Qc8 Bd8 14.Qxb7 Qxc4 15.Qxa8
Qe4 16.Kf1 Qxc2 17.Nxg7 Kd7 18.Qxa7 Bc7 19.Qd4 Kc8 20.Qg4 Nd7 21.Rh3 Ngf6 22.Qe2
Nd5 23.d4 Nb4 24.a3 Qxe2 25.Kxe2 Nc2 26.Ra2 Nxd4 27.Kf1 Be5 28.Nh5 Nb3 29.Bf4
Bxf4 30.Nxf4 Bb1 31.Rxb3 Bxa2 32.Rc3 Kb7 33.Nd3 Bd5 34.Nc5 Nxc5 35.Rxc5 Re8
36.b4 Re4 37.Rc3 Rxh4 38.g3 Rg4 39.f4 Kb6 40.Kf2 h5 41.Rc5 h4 42.gxh4 Rxf4
43.Ke2 Rxh4 44.Ra5 Rh3 45.Kd2 Kb7 46.Kc2 Rh1 47.Rc5 Rh4 48.Ra5 Rh5 49.Kd2 Rh2
50.Ke3 Rh8 51.Kd4 Ra8 52.Rxa8 Kxa8 53.b5 1/2-1/2

[Event "Cto. Navarra Absoluto por Equipos 2018"]
[Site "?"]
[Date "2018.11.03"]
[Round "4"]
[White "Flores Lazcoz, Jose Luis"]
[Black "Garraza Obaldia, Esteban"]
[Result "0-1"]
[EventDate "2018.10.13"]
[WhiteElo "1727"]
[BlackElo "1779"]

1.d4 Nf6 2.Nf3 g6 3.Bg5 Bg7 4.e3 d6 5.Bd3 Nc6 6.Nbd2 O-O 7.O-O e5 8.Ne4 d5
9.Nxf6 Bxf6 10.Bxf6 Qxf6 11.dxe5 Nxe5 12.Be2 c6 13.h3 Nxf3 14.Bxf3 Qxb2 15.e4
dxe4 16.Bxe4 Qf6 17.a4 Rd8 18.Qb1 Re8 19.Bf3 Re7 20.Rd1 Bxh3 21.Qb4 Rae8 22.Ra3
Bf5 23.c3 c5 24.Qf4 g5 25.Qc1 Bc2 26.Rf1 Bd3 27.Rd1 c4 28.Ra2 Qe5 29.g3 Qf5
30.Bg2 Re2 31.Rxe2 Rxe2 32.f3 Qc5 33.Kh2 Rc2 34.Qa1 Qf2 35.Rg1 Qxf3 36.Qd1 Rxg2
0-1

[Event "Cto. Navarra Absoluto por Equipos 2018"]
[Site "?"]
[Date "2018.11.03"]
[Round "4"]
[White "Sancinena Arpide, Juan"]
[Black "Arana Oloron, Roberto"]
[Result "0-1"]
[EventDate "2018.10.13"]
[WhiteElo "1636"]
[BlackElo "1691"]

1.e4 e5 2.Nf3 Nc6 3.Bb5 Nf6 4.O-O d6 5.d4 Bd7 6.Nc3 exd4 7.Nxd4 Ne5 8.Bg5 c6
9.Be2 Be7 10.Qd2 b5 11.a3 O-O 12.Rad1 Qc7 13.Kh1 Rfd8 14.f4 Ng6 15.Nf5 Bxf5
16.exf5 Nf8 17.Bf3 d5 18.Ne2 Rac8 19.Nd4 a6 20.c3 N8d7 21.Rfe1 Nb6 22.Qe2 Bd6
23.Bxf6 gxf6 24.g3 Nc4 25.Qg2 Re8 26.Re2 Ne3 27.Rxe3 Rxe3 28.Qh3 Qe7 29.Qg4 Kh8
30.Rg1 Bc5 31.Qh5 Bxd4 32.cxd4 Rd3 33.Bg2 Rxd4 34.g4 Rxf4 35.Qh3 d4 36.Qg3 Qd6
37.Rd1 Rd8 38.Rd3 c5 39.h3 c4 40.Rd1 Rf1 0-1

[Event "Cto. Navarra Absoluto por Equipos 2018"]
[Site "?"]
[Date "2018.11.03"]
[Round "4"]
[White "Otano Villanueva, Joseba"]
[Black "Rebole Arbea, Pedro Maria"]
[Result "1-0"]
[EventDate "2018.10.13"]
[WhiteElo "1686"]
[BlackElo "1568"]

1.d4 d5 2.g3 e6 3.Bg2 f5 4.Nf3 Nf6 5.O-O Be7 6.b3 O-O 7.Ba3 c6 8.Bxe7 Qxe7
9.Nbd2 Nbd7 10.c4 Ne4 11.Qc2 Ndf6 12.Nxe4 Nxe4 13.Ne5 Bd7 14.f3 Nf6 15.b4 dxc4
16.Qxc4 Nd5 17.Rfb1 Rad8 18.Rb3 f4 19.Bh3 b5 20.Qc5 Qxc5 21.bxc5 Nc7 22.a4 Be8
23.axb5 Nxb5 24.Bxe6 Kh8 25.Rxb5 cxb5 26.d5 Bg6 27.Nd7 Rxd7 28.Bxd7 b4 29.Rxa7
Rb8 30.Ba4 fxg3 31.hxg3 Kg8 32.Bb3 Bf7 33.e4 Kf8 34.c6 1-0

[Event "Cto. Navarra Absoluto por Equipos 2018"]
[Site "?"]
[Date "2018.11.03"]
[Round "4"]
[White "Ruiz Anton, Adolfo"]
[Black "Arrizibita Legarre, Jon Inaki"]
[Result "1-0"]
[EventDate "2018.10.13"]
[WhiteElo "1532"]
[BlackElo "1616"]

1.d4 f5 2.e3 Nf6 3.Bd3 g6 4.f4 Bg7 5.Nf3 d6 6.O-O O-O 7.c3 c6 8.Qb3 d5 9.Bd2
Nbd7 10.Qc2 Ne4 11.Be1 Ndf6 12.Nbd2 Ng4 13.Bxe4 Nxe3 14.Bxd5 Qxd5 15.Qd3 Nxf1
16.Nxf1 Qe4 17.Qd2 Bh6 18.Bg3 e6 19.Re1 Qd5 20.b3 Bg7 21.Ne3 Qd7 22.Nc4 b5
23.Nce5 Qd6 24.Ng5 c5 25.Bf2 cxd4 26.Bxd4 a5 27.Qe3 Qd5 28.Qh3 h6 29.Ngf3 Bxe5
30.Nxe5 Kh7 31.Qh4 b4 32.Qe7 Kg8 33.Nxg6 Qxd4 34.cxd4 Rf7 35.Qe8 Kg7 36.Ne5 Rc7
37.Qg6 Kf8 38.Qxh6 Rg7 39.Rc1 Kg8 40.Ng6 Bb7 41.Qh8 Kf7 42.Ne5 1-0

[Event "Cto. Navarra Absoluto por Equipos 2018"]
[Site "?"]
[Date "2018.11.03"]
[Round "4"]
[White "Abaurrea San Juan, Xabier"]
[Black "Leone Amigot, Haymar"]
[Result "0-1"]
[EventDate "2018.10.13"]
[WhiteElo "1727"]
[BlackElo "1779"]

1.d4 c5 2.c3 d5 3.Bf4 e6 4.e3 Nf6 5.Nd2 Nc6 6.Ngf3 c4 7.Be2 Bd6 8.Ne5 Bxe5
9.dxe5 Nd7 10.Nf3 Qc7 11.h4 Ndxe5 12.Nxe5 Nxe5 13.Qd4 f6 14.g4 Qb6 15.Qxb6 axb6
16.Bg3 Nc6 17.Kd2 e5 18.Rhe1 Kf7 19.Red1 Be6 20.f4 g6 21.fxe5 fxe5 22.Rf1 Ke7
23.g5 Rhf8 24.Rf2 Rxf2 25.Bxf2 b5 26.Bg1 Kd6 27.Rf1 Rxa2 28.Kc2 Bf5 29.Rxf5 gxf5
30.Kb1 Ra8 31.Bh2 Ke6 32.Bf1 Rf8 33.Bh3 Ke7 34.Bg2 d4 35.exd4 exd4 36.cxd4 Nxd4
37.Bg1 Ne6 38.Bxb7 f4 39.Bc6 b4 40.Bd5 f3 41.Bf2 c3 42.bxc3 bxc3 43.Kc2 Kd6
44.Be4 Rf7 45.Kxc3 Ke5 46.g6 hxg6 47.Bxg6 Rf6 48.h5 0-1

[Event "Cto. Navarra Absoluto por Equipos 2018"]
[Site "?"]
[Date "2018.11.03"]
[Round "4"]
[White "Ozaita Martinez, Tomas"]
[Black "Yaben Munoz, Javier"]
[Result "1/2-1/2"]
[EventDate "2018.10.13"]
[WhiteElo "1806"]
[BlackElo "2008"]

1.d4 d5 2.c4 e6 3.Nc3 Nf6 4.Bg5 Nbd7 5.cxd5 exd5 6.e3 c6 7.Bd3 Bd6 8.Qc2 h6
9.Bh4 O-O 10.Nf3 b6 11.O-O Bb7 12.e4 dxe4 13.Nxe4 Be7 14.Ne5 Nxe5 15.dxe5 Nxe4
16.Bxe7 Qxe7 17.Bxe4 Qxe5 18.Rfe1 Qc7 19.b4 a5 20.a3 axb4 21.axb4 Rfe8 22.f3
Rxa1 23.Rxa1 Qd6 24.Rb1 Qd4 25.Qf2 Qxf2 26.Kxf2 Re7 27.Rc1 Rc7 1/2-1/2

[Event "Cto. Navarra Absoluto por Equipos 2018"]
[Site "?"]
[Date "2018.11.03"]
[Round "4"]
[White "Del Carmen Hernandez, Aimer"]
[Black "Arriazu Dominguez, Ivan"]
[Result "0-1"]
[EventDate "2018.10.13"]
[WhiteElo "1901"]
[BlackElo "1832"]

1.e4 e5 2.Nf3 Nc6 3.Bb5 a6 4.Ba4 Nf6 5.O-O b5 6.Bb3 Be7 7.c3 O-O 8.Re1 d5 9.exd5
Nxd5 10.Nxe5 Nxe5 11.Rxe5 c6 12.d4 Bd6 13.Re1 Qh4 14.g3 Qh3 15.Bxd5 cxd5 16.Be3
h5 17.Qf3 h4 18.Qxd5 hxg3 19.hxg3 Bxg3 20.fxg3 Qxg3 21.Kf1 Bg4 22.Qe5 Qf3 23.Kg1
Rae8 24.Nd2 Qh3 25.Qf4 Re6 26.Bf2 Rg6 27.Bg3 Bf3 28.Kf2 Qg2 29.Ke3 Rxg3 30.Qe5
Bd5 31.Kf4 Qf2 0-1